|
|
|
|
| LEADER |
00000nab a2200000 a 4500 |
| 001 |
vtls000877999 |
| 003 |
SK-MaSNL |
| 005 |
20260304114052.0 |
| 008 |
250429c2004 xo 0 slo |
| 015 |
|
|
|a SNBRB2004/07-20382
|
| 035 |
|
|
|a CLN000229551
|
| 035 |
|
|
|a urn:nbn:sk:snk-ab9v4l
|
| 035 |
|
|
|a (urnnbn)urn:nbn:sk:snk:ar-a08xol
|
| 035 |
|
|
|a (uuid)70eb2ef0-78d4-4e18-a88a-b59212079794
|
| 040 |
|
|
|a SNKBUCL
|b slo
|c SNKBUCL
|e AACR2
|
| 041 |
0 |
|
|a slo
|
| 044 |
|
|
|a xo
|c SK
|
| 080 |
|
|
|a 539.1:061.62(4)
|2 1997
|
| 100 |
1 |
|
|a Benus, Ferenc
|4 aut
|9 1418297
|
| 245 |
1 |
0 |
|a Praktické skúsenosti zo získania prostriedkov z eurofondov
|c Ferenc Benus
|
| 300 |
|
|
|b Fotogr.
|
| 500 |
|
|
|a Príspevok na konferencii Vstup Slovenskej republiky do Európskej únie
|
| 610 |
|
7 |
|a Európske centrum pre atómový výskum
|x Maďarsko
|2 snkbucl
|9 1418298
|
| 655 |
|
7 |
|a články z novín a časopisov
|2 snkbucl
|9 267496
|
| 773 |
0 |
|
|t Zvárač
|g Roč. 1, č. 1 (2004), s. 48-49
|x 1336-5045
|
| 850 |
|
|
|a Slovenská národná knižnica
|
| 852 |
|
|
|a Slovenská národná knižnica
|
| 954 |
|
|
|a odborná, vedecká literatúra pôvodná (slovenská)
|2 lita
|
| 958 |
|
|
|a article13
|
| 958 |
|
|
|a OND
|
| 958 |
|
|
|a EUIPO
|
| 999 |
|
|
|c 2871721
|d 2873651
|